Statistics for 50 Most Valuable Dutch Players

Click here to take the quiz!

General Stats

  • This quiz has been taken 74 times
  • The average score is 24 of 50

Answer Stats

RankValue (€)ClubPlayer% Correct
1€90MFC BarcelonaFrenkie De Jong
98%
2€75MJuventusMatthijs De Ligt
96%
3€55MLiverpoolVirgil Van Dijk
96%
34€10MSevilla FCLuuk De Jong
95%
5€45MFC BarcelonaMemphis Depay
91%
8€30MPSGGeorginio Wijnaldum
84%
4€50MInter MilanStefan De Vrij
82%
11€30MBorussia DortmundDonyell Malen
79%
7€32MManchester CityNathan Ake
77%
14€22MTottenham HotspurSteven Bergwijn
73%
13€23MAtalantaMarten De Roon
71%
9€30MVFL WolfsburgWout Weghorst
71%
10€30MManchester UnitedDonny Van De Beek
70%
22€16MInter MilanDenzel Dumfries
68%
24€15MSpartak MoscowQuincy Promes
63%
23€15MAjaxDaley Blind
61%
30€12MAjaxSteven Berghuis
59%
16€18MAtalantaHans Hateboer
55%
33€11MAjaxJurrien Timber
52%
15€22MClub BruggeNoa Lang
52%
6€33MAjaxRyan Gravenberch
50%
20€16.5MAZ AlkmaarTeun Koopmeiners
50%
17€18MPSV EindhovenCody Gakpo
48%
31€12MAS RomaRick Karsdorp
46%
12€28MLOSC LilleSven Botman
46%
36€10MBayer LeverkusenJeremie Frimpong
43%
28€14MAS MonacoMyron Boadu
43%
27€14MOGC NiceCalvin Stengs
39%
41€8.5MSC HeerenveenJoey Veerman
39%
26€14MOGC NiceJustin Kluivert
39%
35€10MBayer LeverkusenMitchel Bakker
39%
19€17MAjaxDavy Klaassen
36%
45€8MFeyenoordJustin Bijlow
36%
40€9MLeeds UnitedPascal Struijk
36%
25€15MBournemouthArnaut Danjuma
32%
18€17.5MAZ AlkmaarOwen Wijndal
32%
50€7.5MFeyenoordTyrell Malacia
32%
21€16MFSV Mainz 05Jeremiah St. Juste
30%
29€13MAston VillaAnwar El Ghazi
29%
37€9MBayer LeverkusenDaley Sinkgraven
29%
43€8MFC KrasnodarTonny Vilhena
27%
44€8MCrystal PalaceJairo Riedewald
21%
39€9MBolognaJerdy Schouten
20%
47€8MFeyenoordLutsharel Geertruida
20%
46€8MAjaxPerr Schuurs
18%
49€8MAjaxDevyne Rensch
16%
48€8MRSC AnderlechtJoshua Zirkzee
13%
38€9MHertha BSCJavairo Dilrosun
11%
42€8MPSV EindhovenDavy Propper
5%
32€12MPSV EindhovenMohamed Ihattaren
5%

Score Distribution

Percentile by Number Answered

Percent of People with Each Score

Your Score History

You have not taken this quiz